20 Random Formula One World Champions - Statistics

General Stats
  • This quiz has been taken 465 times
  • The average score is 18 of 20
Answer Stats
Year Nationality Champion % Correct
2005 Spain Fernando Alonso
100%
2019 United Kingdom Lewis Hamilton
99%
2009 United Kingdom Jenson Button
98%
2014 United Kingdom Lewis Hamilton
98%
2015 United Kingdom Lewis Hamilton
98%
2003 Germany Michael Schumacher
98%
2016 Germany Nico Rosberg
98%
2018 United Kingdom Lewis Hamilton
97%
2004 Germany Michael Schumacher
97%
2010 Germany Sebastian Vettel
97%
2013 Germany Sebastian Vettel
97%
2007 Finland Kimi Raikkonen
96%
2002 Germany Michael Schumacher
96%
1977 Austria Niki Lauda
96%
1990 Brazil Ayrton Senna
95%
2006 Spain Fernando Alonso
95%
2017 United Kingdom Lewis Hamilton
95%
1975 Austria Niki Lauda
95%
2012 Germany Sebastian Vettel
95%
2008 United Kingdom Lewis Hamilton
94%
2000 Germany Michael Schumacher
94%
1999 Finland Mika Hakkinen
94%
2011 Germany Sebastian Vettel
94%
1991 Brazil Ayrton Senna
93%
1997 Canada Jacques Villeneuve
93%
2001 Germany Michael Schumacher
93%
1988 Brazil Ayrton Senna
92%
1994 Germany Michael Schumacher
92%
1995 Germany Michael Schumacher
92%
1954 Argentina Juan Manuel Fangio
91%
1957 Argentina Juan Manuel Fangio
91%
1992 United Kingdom Nigel Mansell
91%
1986 France Alain Prost
90%
1989 France Alain Prost
90%
1950 Italy Giuseppe Farina
90%
1951 Argentina Juan Manuel Fangio
90%
1984 Austria Niki Lauda
90%
1993 France Alain Prost
89%
1956 Argentina Juan Manuel Fangio
89%
1998 Finland Mika Hakkinen
89%
1955 Argentina Juan Manuel Fangio
88%
1987 Brazil Nelson Piquet
88%
1996 United Kingdom Damon Hill
87%
1985 France Alain Prost
86%
1953 Italy Alberto Ascari
86%
1983 Brazil Nelson Piquet
86%
1972 Brazil Emerson Fittipaldi
85%
1971 United Kingdom Jackie Stewart
85%
1952 Italy Alberto Ascari
84%
1974 Brazil Emerson Fittipaldi
83%
1958 United Kingdom Mike Hawthorn
83%
1981 Brazil Nelson Piquet
83%
1978 US Mario Andretti
82%
1960 Australia Jack Brabham
81%
1966 Australia Jack Brabham
80%
1973 United Kingdom Jackie Stewart
80%
1959 Australia Jack Brabham
79%
1976 United Kingdom James Hunt
79%
1979 South Africa Jody Scheckter
79%
1961 US Phil Hill
78%
1968 United Kingdom Graham Hill
77%
1965 United Kingdom Jim Clark
77%
1982 Finland Keke Rosberg
77%
1967 New Zealand Denny Hulme
75%
1969 United Kingdom Jackie Stewart
73%
1970 Austria Jochen Rindt
73%
1964 United Kingdom John Surtees
73%
1962 United Kingdom Graham Hill
72%
1963 United Kingdom Jim Clark
72%
1980 Australia Alan Jones
71%
No matching quizzes found
Score Distribution
Percent of People with Each Score
Percentile by Number Answered
Your Score History
You have not taken this quiz